000 00676nam a2200229Ia 4500
001 15933
003 GE_BSU
008 181216s||||||||xx |||||||||||||| ||und||
040 _cGE_BSU
080 _a821.353.1-1
100 _aხუროძე, დავით
245 _aმთების ბალადა
245 _bლექსები
245 _cრედ.ო.ჭელიძე. მხ. მ.ბელიაშვილი
260 _aთბილისი
260 _bმერანი
260 _c1973
300 _a129გვ. ; 17სმ
653 _aლექსები
653 _aმთების ბალადა
942 _cBK
999 _c49028
_d49028